CHARAKTERISTIKA ZIM V SEKULÁRNÍ ŘADĚ OBSERVATOŘE PRAHA-KLEMENTINUM

Bibliographic Details
Main Author: Červený, Jaroslav (Author)
Format: Article
Language:Czech

MARC

LEADER 00000nab a2200000ua 4500
001 vtls010842044
003 SK-MaSNL
005 20260303103737.0
008 230121s1982 xo |||||||||||||||||cze|
035 |a (urnnbn)urn:nbn:sk:snk:ar-a06yyh 
035 |a urn:nbn:sk:snk-ab64ge 
035 |a (uuid)8806ff43-efb2-4ee6-9c49-7419d358396f 
040 |a SNKBUCL  |b slo  |c SNKBUCL  |e AACR2 
041 0 |a cze 
044 |a xo  |c SK 
100 1 |a Červený, Jaroslav  |4 aut  |9 595886 
245 1 0 |a CHARAKTERISTIKA ZIM V SEKULÁRNÍ ŘADĚ OBSERVATOŘE PRAHA-KLEMENTINUM  |c Jaroslav Červený 
773 0 |t Meteorologické zprávy  |g Roč. 35, č. 1 (1982), s. 6-8 
954 |a odborná, vedecká literatúra cudzojazyčná (svetová)  |2 lita 
958 |a OND 
958 |a EUIPO 
958 |a article5 
999 |c 1851683  |d 1853613